000 00677nam a2200241 i 4500
001 C2-0083671
003 PPAK
005 20180727085604.0
008 970429s1959 si |||| ||||| | eng d
040 _aPPAK
_beng
_cPPAK
_erda
082 0 4 _a378.14
_223
090 0 0 _a378.14
_bUNI
_dKIH
110 2 _aThe University of Malaya
245 0 0 _aCalendar 1959-60
264 1 _aSingapore :
_bUniversity of Malaya ,
_c1959
300 _a337 pages ;
_c21 cm
336 _2rdacontent
_atext
337 _2rdamedia
_aunmediated
338 _2rdacarrier
_avolume
650 1 0 _aUniversities and colleges - Catalogs
710 2 _aThe University of Malaya
_eorganizer
942 _ddc
_cB
999 _c16016
_d16016